000 00697nam a22001577a 4500
999 _c523929
_d523929
008 231016b ||||| |||| 00| 0 eng d
100 _aYadav, Sajjan Singh
_944156
245 _aUnity malls
260 _aYojana
300 _a67(10), Oct, 2023: p.41-46
520 _aUnity-malls a unique initiative of the government of India, is poised to play pivotal roles in fostering economic development, providing citizens with recreational spaces, enhancing tourism, and celebrating the rich cultural heritage of our diverse and unique nation. – Reproduced
650 _aRecreational spaces, Tourism, Cultural heritage
_944157
773 _aYojana
906 _aTOURISM
942 _cAR